000 00854nam a2200241Ia 4500
003 OSt
005 20220923220621.0
006 a|||||r|||| 00| 0
007 ta
008 220922b |||||||| |||| 00| 0 hin d
024 _a187,928
037 _cTextual
040 _aARTS
_cARTS
_bhin
041 _2hin
_ahin
082 _aV237.M18<-L10, 152M8
100 _aकौशिक, नीलम
245 0 _aराजस्थान के चुर्न्डोवतों का इतिहास 171 से 1818 तक
246 _aRājasthān ke churnḍovatoan kā itihās 1710 se 1818 taka
260 _aइन्दौर
_b पब्लिकेशन स्कीम
_c1988
300 _a138 पृ.
_ccm.
942 _hV237.M18<-L10, 152M8
_cTEXL
_2CC
999 _c341004
_d341004